000 00396nam a2200145 i 4500
001 bg
100 1 _aCIAMAGA, Lucjan
245 0 _aPolityka ekonomiczna Europejskiej Wspólnoty Gospodarczej :
_bdoświadczenia i perspektywy /
_cLucjan Ciamaga.
260 _aWarszawa,
_c1977.
040 _cBPK
041 _apol
080 _a339.37(4)
942 _cKS
008 s pl f |000 0 pol
999 _c9463
_d9463
856 _uhttp://koha.tu.koszalin.pl/cgi-bin/koha/opac-detail.pl?biblionumber=9463
_yKatalog online BPK